Pred svitaním

Bibliographic Details
Main Author: Aligerová, Margita (Author)
Format: Article
Language:Slovak
Subjects:

MARC

LEADER 00000nab a2200000 a 4500
001 vtls000060269
003 SK-MaSNL
005 20260303175728.0
008 150430c1980 xo 0 slo
015 |a SNBRB19rr/mm-uuuuu 
035 |a CL0070369 
040 |a SNKBUCL  |b slo  |c SNKBUCL  |e AACR2 
041 0 |a slo 
044 |a xo  |c SK 
080 |a 882-1  |2 1981 
100 1 |a Aligerová, Margita  |4 aut  |9 1204670 
245 1 0 |a Pred svitaním  |c Margita Aligerová 
650 0 7 |a básne o láske  |2 snkbucl  |9 921526 
650 0 7 |a sovietska literatúra  |2 snkbucl  |9 22300 
655 7 |a články z novín a časopisov  |2 snkbucl  |9 267496 
655 7 |a články z odboru literárna veda a krásna literatúra  |2 snkbucl  |9 770045 
773 0 |t Hlas ľudu  |g Roč. 26, č. 143 (19. 6. 1980), s. /6/ 
850 |a Slovenská národná knižnica v Martine  |a MTA001 
852 |a SNK  |b KIS3GCP 
958 |a RK 
958 |a LX 
958 |a SK 
992 |a RBX 
999 |c 2103113  |d 2105043